000 00504nam a2200181 a 4500
001 1770285652983
003 YourLibrary
005 20260205153743.0
008 260205s2004##################000#0#eng##
020 _a9780793193585
082 0 4 _a333.33068WEI
100 1 _aWeiss, Mark B.,
_eauthor.
245 1 0 _aSecrets of a Millionaire Real Estate Developer :
260 _bKaplan Publishing,
_c2004.
650 0 _aBusiness & Economics.
942 _cENGLISH
040 _aYourLibrary
_beng
_cYourLibrary
999 _c610485
_d610485